Statistics for Types of Meat

Click here to take the quiz!

General Stats

  • This quiz has been taken 54 times
  • The average score is 11 of 12

Answer Stats

Answer% Correct
Chicken
100%
Crab
100%
Duck
100%
Salmon
100%
Beef
98%
Pork
98%
Lamb
96%
Oyster
96%
Shrimp
94%
Lobster
83%
Goat
79%
Venison
77%

Score Distribution

Percentile by Number Answered

Percent of People with Each Score

Your Score History

You have not taken this quiz